| 000 | 00000nas 2200000zi 4500 |
| 001 | 9.931209 |
| 003 | CaOODSP |
| 005 | 20250108132355 |
| 006 | m o d f |
| 007 | cr cn |||||||| |
| 008 | 231207c20239999oncar p o f0###a0eng|d |
| 022 | |a2817-9501 |
| 040 | |aCaOODSP|beng|erda|cCaOODSP |
| 043 | |an-cn--- |
| 086 | 1 |aPS75-12E-PDF |
| 110 | 1 |aCanada. |bCivilian Review and Complaints Commission for the RCMP, |eauthor, |eissuing body. |
| 222 | 0|aProgress report on the CRCC accessibility action plan ... |
| 245 | 10|a... progress report on the CRCC accessibility action plan ... |
| 246 | 3 |aProgress report on the Civilian Review and Complaints Commission accessibility action plan |
| 264 | 1|aOttawa, ON : |bCivilian Review and Complaints Commission for the RCMP = Commission civile d'examen et de traitement des plaintes relatives à la GRC, |c[2023]- |
| 310 | |aAnnual |
| 336 | |atext|btxt|2rdacontent |
| 337 | |acomputer|bc|2rdamedia |
| 338 | |aonline resource|bcr|2rdacarrier |
| 362 | 1 |aBegan with: 2023. |
| 500 | |aIssued also in French under title: Rapport d'étape ... du plan sur l'accessibilité ... de la CCETP. |
| 588 | |aDescription based on: 2023; title from PDF cover page. |
| 588 | |aLatest issue consulted: 2023. |
| 610 | 10|aCanada. |bCivilian Review and Complaints Commission for the RCMP|vPeriodicals. |
| 650 | 0|aBarrier-free design|zCanada|xPlanning|vPeriodicals. |
| 650 | 0|aPeople with disabilities|xGovernment policy|zCanada|vPeriodicals. |
| 655 | 7|aPeriodicals|2lcgft |
| 775 | 08|tRapport d'étape ... du plan sur l'accessibilité ... de la CCETP.|w(CaOODSP)9.931210 |